000 00583nam a2200181 i 4500
001 62386
003 ES-MaACL
005 20251011063108.0
007 t|
008 031120s1972 sp ||||1| spa d
100 1 _aFellini, Federico,
_d1920-1993
_949222
245 1 3 _aEl jeque blanco
_b: I vitelloni, la strada, il bidone /
_cFederico Fellini ; [traductor, Esther Benítez].
260 _aMadrid :
_bAlianza,
_c[1972]
300 _a543 p. ;
_c18 cm.
700 1 _aBenítez, Esther,
_d1937-2001
_927600
852 _aES-MaACL
_jC-45972
_bR.83527
999 _c62386
_d62386